Normal view
MARC view
- Web sites
Entry Topical Term
001 - CONTROL NUMBER
- control field: 27082
003 - CONTROL NUMBER IDENTIFIER
- control field: NUST
005 - DATE AND TIME OF LATEST TRANSACTION
- control field: 20191217164526.0
008 - FIXED-LENGTH DATA ELEMENTS
- fixed length control field: 191217|| aca||aabn | a|a d
040 ## - CATALOGING SOURCE
- Original cataloging agency: NUST
- Transcribing agency: NUST
150 ## - HEADING--TOPICAL TERM
- Topical term or geographic name entry element: Web sites
670 ## - SOURCE DATA FOUND
- Source citation: Work cat.: (NUST)0: Domscheit-Berg, Daniel. 27079, Inside Wikileaks :, 2011.
